HP Characters - Statistics

General Stats
  • This quiz has been taken 5 times
  • The average score is 14 of 123
Answer Stats
Answer % Correct
Harry Potter
100%
Dumbledore
80%
Bill Weasley
60%
Charlie Weasley
60%
Fred Weasley
60%
Hermione Granger
60%
Luna Lovegood
60%
Molly Weasley
60%
Percy Weasley
60%
Ron Weasley
60%
Severus Snape
60%
Arthur Weasley
40%
Cho Chang
40%
Draco Malfoy
40%
George Weasley
40%
Ginny Weasley
40%
Hedwig
40%
James Potter
40%
Lily Potter
40%
Lucius Malfoy
40%
Argus Filch
20%
Bellatrix Lestrange
20%
Buckbeak
20%
Cedric Diggory
20%
Crookshanks
20%
Fawkes
20%
Fleur Delacour
20%
Fred Weasley (II)
20%
Gregory Goyle
20%
Krum
20%
Lord Voldemort
20%
McGonagall
20%
Mrs. Norris
20%
1 Neville Longbottom
20%
Peter Pettigrew
20%
Remus Lupin
20%
Vincent Crabbe
20%
Abraham Potter
0%
Abraxas Malfoy
0%
Albus Severus Potter
0%
Alphard Black
0%
Amos Diggory
0%
Andromeda Black
0%
Angelina Weasley
0%
Arcturus Black (III)
0%
Armand Malfoy
0%
Ashwinder
0%
Astoria Malfoy
0%
Audrey Weasley
0%
Basilisk
0%
Bilius Weasley
0%
Boggarts
0%
Brutus Malfoy
0%
Cassiopeia Malfoy
0%
Cedrella Black
0%
Charlus Potter
0%
Cressida Malfoy
0%
Cygnus Black (III)
0%
Dementors
0%
Dippet
0%
Phineas Nigellus Black
0%
Dobby
0%
Dolores Umbridge
0%
Dominique Weasley
0%
Dorea Potter
0%
Eduardus Limette Black
0%
Eleanor Smith
0%
Elladora Black
0%
Euphemia Potter
0%
Firedrake
0%
Fleamont Potter
0%
Flobberworms
0%
Garreth Weasley
0%
Gilderoy Lockhart
0%
Hardwin Potter
0%
Hippogriffs
0%
Hope Lupin
0%
Hugo Weasley
0%
Hyperion Malfoy
0%
Ignotus Peverell
0%
IoIa Black
0%
Irma Crabbe
0%
James Sirius Potter
0%
Justin Malfoy
0%
Lily Luna Potter
0%
loIanthe Potter
0%
Louis Weasley
0%
Lucy Weasley
0%
Lyall Lupin
0%
Lynch
0%
Madam Pomfrey
0%
Mandrake
0%
Marius Black
0%
Matilda Weasley
0%
Molly Weasley (II)
0%
Moran
0%
Mr. Granger
0%
Mrs. Granger
0%
Narcissa Malfoy
0%
Nicholas Malfoy
0%
Nymphadora Lupin
0%
Nymphadora Tonks
0%
Oliver Wood
0%
Orion Black
0%
Phineas Black
0%
Pigwidgeon
0%
Ralston Potter
0%
Regulus Arcturus Black
0%
Rose Weasley
0%
Roxanne Weasley
0%
Salazar Slytherin
0%
Scorpius Malfoy
0%
Septimus Malfoy
0%
Septimus Weasley
0%
Sirius Black (III)
0%
Sorting Hat
0%
Teddy Lupin
0%
Ted Tonks
0%
Trelawney
0%
Victoire Weasley
0%
Vladimir Malfoy
0%
Walburga Black
0%
Winky
0%
No matching quizzes found
Score Distribution
Percent of People with Each Score
Percentile by Number Answered
Your Score History
You have not taken this quiz